| Tag |
First Indicator |
Second Indicator |
Subfields |
| LEADER |
00000pam a2200000 a 4500 |
| 001 |
in00000069940 |
| 005 |
20151008055923.0 |
| 008 |
810930s1981 nyu b 00100 eng |
| 010 |
|
|
|a 81015900
|
| 020 |
|
|
|a 0306407892
|
| 035 |
|
|
|a (OCoLC)07875543
|
| 035 |
|
|
|9 AAJ4723AM
|
| 039 |
0 |
|
|a 2
|b 3
|c 3
|d 3
|e 3
|
| 040 |
|
|
|a DLC
|c DLC
|d TXA
|d UtOrBLW
|
| 043 |
|
|
|a n-us---
|
| 049 |
|
|
|a TXAM
|c [952067]
|
| 050 |
0 |
0 |
|a HN90.V5
|b V535
|
| 082 |
0 |
|
|a 303.6/2
|2 19
|
| 245 |
0 |
0 |
|a Violence and the politics of research /
|c edited by Willard Gaylin, Ruth Macklin, and Tabitha M. Powledge.
|
| 264 |
|
1 |
|a New York :
|b Plenum Press,
|c 1981.
|
| 300 |
|
|
|a xvi, 256 pages ;
|c 22 cm.
|
| 336 |
|
|
|a text
|b txt
|2 rdacontent
|
| 337 |
|
|
|a unmediated
|b n
|2 rdamedia
|
| 338 |
|
|
|a volume
|b nc
|2 rdacarrier
|
| 490 |
1 |
|
|a The Hastings Center series in ethics
|
| 504 |
|
|
|a Includes bibliographical references and index.
|
| 650 |
|
0 |
|a Violence
|x Research
|z United States.
|
| 650 |
|
0 |
|a Aggressiveness.
|
| 650 |
|
0 |
|a Violence
|z United States
|x Case studies.
|
| 700 |
1 |
|
|a Gaylin, Willard.
|
| 700 |
1 |
|
|a Macklin, Ruth,
|d 1938-
|
| 700 |
1 |
|
|a Powledge, Tabitha M.
|
| 830 |
|
0 |
|a Hastings Center series in ethics.
|
| 999 |
|
|
|a MARS
|
| 999 |
f |
f |
|s b71b2a04-139e-3970-9f4a-ec7301d27b55
|i 962b9eea-933d-33cb-b69e-c5dccc31d183
|t 0
|
| 952 |
f |
f |
|p ric
|a Texas A&M University
|b Rellis Campus
|c Joint Library Facility
|d Remote Storage
|t 0
|e HN90.V5 V535
|h Library of Congress classification
|i unmediated -- volume
|m A14806140693
|
| 998 |
f |
f |
|a HN90.V5 V535
|t 0
|l Remote Storage
|